| Registos Bibliográficos associados ao registo de autoridade |
|
Etiqueta de registo: 00254nam 2200025 450 001 2279610 003 http://id.bnportugal.gov.pt/bib/catbnp/2279610 100 ## $a20260312d2025 k y0pory01030103ba 101 0# $apor$deng 102 ## $aPT 105 ## $aa m 000yy 106 ## $ar 200 1# $aAssistentes conversacionais corporizados no apoio ao tratamento da hipertensão em
idosos$fJulio Guido Oliveira Militão$gorient. Telmo Eduardo Miranda Castelão da Silva, Rita Oliveira, Maria Elizabeth Sucupira
Furtado 210 #9 $aAveiro$c[s.n.],$d2025 215 ## $a[7], 279 p.$cil.$d30 cm 328 #1 $aTese dout. Informação e Comunicação em Plataformas Digitais, Universidade de Aveiro,
Faculdade de Letras da Universidade do Porto, 2025 675 ## $a004.42(043)$vBN$zpor$3793077 675 ## $a004.9(043)$vBN$zpor$3788403 675 ## $a614.2(043)$vBN$zpor$3431610 700 #1 $aMilitão,$bJulio Guido Oliveira$31990978 702 #1 $aSilva,$bTelmo Eduardo Miranda Castelão da$4727$31594518 702 #1 $aOliveira,$bRita Alexandra Silva$4727$31602260 702 #1 $aFurtado,$bMaria Elizabeth Sucupira$4727$31991020 801 #0 $aPT$bBN$gRPC 966 ## $lBN$mFGMON$sP. 72330 V.$x1 971 ## $cisantos$d20260312 973 ## $cigoulao$d20260320 975 ## $e0$d20260402$viquintas
|
|
|